000 01530nam a2200373 i 4500
003 DO-SdBPM
005 20260605094525.0
007 ta
008 230620b2022 dr c|||| |||| 00| 0 spa d
020 _a9789945930764
040 _aDO-SdBPM
_bspa
_cBPMSU
_erda
_drda
082 0 4 _a324.97293
_bV422d 2022
_222
100 1 _aVega, Bernardo,
_d1938-
_eautor
_4aut.
245 1 4 _aLas dolosas elecciones de 1994 y su coincidencia con el embargo contra Haití :
_bensayo histórico /
_cBernardo Vega ; prólogo, Flavio Darío Espinal.
264 1 _aSanto Domingo :
_bAcademia Dominicana de la Historia,
_c2022.
300 _a295 páginas :
_bretratos ;
_c23 cm.
336 _2rdacontent
_atexto
_btxt
337 _2rdamedia
_asin mediación
_bn
338 _2rdacarrier
_avolumen
_bnc
490 0 _aAcademia Dominicana de la Historia,
_v566
500 _aIncluye datos biográficos del autor en las solapas.
500 _aIncluye referencias bibliográficas, notas al pie de las páginas.
504 _aBibliografía : páginas. 269-271
590 _aInventariado, 2026/VM
650 7 _aElecciones
_zRepública Dominicana
_y1994
650 7 _aPresidentes
_zRepública Dominicana
_xElecciones
650 7 _aSufragio
_zRepública Dominicana
650 7 _aEnsayos históricos
651 7 _aRepública Dominicana
_xRelaciones exteriores
_zHaití
651 7 _aHaití
_xRelaciones exteriores
_zRepública Dominicana
700 1 _aEspinal, Flavio Darío,
_eprólogo
910 _a VMateo V. Control de calidad BPMSU
942 _2ddc
_cBK
999 _c15899
_d15899